Normal view
MARC view
- Roberto Bonola
Entry Personal Name
001 - CONTROL NUMBER
- control field: 20344
003 - CONTROL NUMBER IDENTIFIER
- control field: NUST
005 - DATE AND TIME OF LATEST TRANSACTION
- control field: 20190913055125.0
008 - FIXED-LENGTH DATA ELEMENTS
- fixed length control field: 190913|| aca||aabn | a|a d
040 ## - CATALOGING SOURCE
- Original cataloging agency: NUST
- Transcribing agency: NUST
100 ## - HEADING--PERSONAL NAME
- Personal name: Roberto Bonola
670 ## - SOURCE DATA FOUND
- Source citation: Work cat.: (NUST): Roberto Bonola , Non-euclidean Geometry A Critical and Historical Study its Development , 1914
